[Event "ch-FRA Blitz Online Qual"]
[Site "Europe-Chess INT"]
[Date "2020.05.16"]
[Round "8"]
[White "Moeller, Joshua"]
[Black "Lamblain, Nicolas"]
[Result "1-0"]
[WhiteElo "1469"]
[BlackElo "1645"]
[WhiteFideId "45167834"]
[BlackFideId "20605641"]
[EventDate "2020.05.16"]

1. d4 Nf6 2. c4 c5 3. d5 e6 4. Nc3 exd5 5. cxd5 d6 6. g3 g6 7. Nf3 Bg7 8. Bg2
O-O 9. O-O Re8 10. Re1 Bg4 11. Nd2 Na6 12. Nc4 Nc7 13. h3 Bc8 14. a4 Rb8 15. Na3
a6 16. Qb3 Bd7 17. a5 Qc8 18. Nc4 Re7 19. Nxd6 Qf8 20. Nc4 Nb5 21. Bf4 Rd8 22.
Nxb5 Bxb5 23. Qa3 Bxc4 24. Qxc5 Bxd5 25. Bd6 Rxd6 26. Qxd6 Bxg2 27. Kxg2 Ne4 28.
Qb4 Qe8 29. Rac1 Nf6 30. Rc8 Qxc8 31. Qxe7 Qc6+ 32. Kg1 h5 33. h4 Ne4 34. Qd8+
Kh7 35. Rd1 Qc5 36. e3 Nf6 37. Rd2 Ng4 38. Kg2 Qc1 39. Qd7 Qc6+ 40. Qxc6 bxc6
41. Rd6 c5 42. Rxa6 Ne5 43. Ra7 Kg8 44. Re7 Nc6 45. Rc7 Nxa5 46. Rxc5 Nb7 47.
Rc8+ Kh7 48. Kf3 Bf6 49. Rc7 Nd6 50. Rd7 Be5 51. b4 Kg7 52. e4 Kf6 53. Ke3 Ke6
54. f4 Kxd7 55. fxe5 Nc4+ 56. Kd4 Nb6 57. Kc5 Kc7 58. b5 Nd7+ 59. Kd5 Kb6 60. e6
fxe6+ 61. Kxe6 Nc5+ 62. Kd6 Kxb5 63. e5 Kc4 64. e6 Ne4+ 65. Ke5 1-0

[Event "ch-FRA Blitz Online Qual"]
[Site "Europe-Chess INT"]
[Date "2020.05.16"]
[Round "8"]
[White "Dincov, Ioan"]
[Black "Cornileau, Juliette"]
[Result "1-0"]
[WhiteElo "1549"]
[BlackElo "1872"]
[WhiteFideId "45118612"]
[BlackFideId "36083372"]
[EventDate "2020.05.16"]

1. e4 c5 2. Nf3 Nc6 3. d4 cxd4 4. c3 dxc3 5. Nxc3 e6 6. Bc4 a6 7. Bf4 Nf6 8. Qb3
Na5 9. Qa4 b5 10. Bxb5 axb5 11. Nxb5 d6 12. Nc7+ Ke7 13. Nxa8 Bd7 14. Qb4 Qxa8
15. Bxd6+ Ke8 16. Bxf8 Rxf8 17. O-O Nc6 18. Qc4 Na5 19. Qc5 Nxe4 20. Qd4 Nf6 21.
Rad1 Qd5 22. Qxd5 Nxd5 23. Ne5 Ke7 24. Nxd7 Kxd7 25. a3 Nc4 26. b4 Nxa3 27. Rd3
Nb5 28. Rfd1 Rb8 29. g3 Kd6 30. Kg2 Nc7 31. Rb3 Kc6 32. Rc1+ Kd6 33. Rcb1 Rb5
34. Rd1 Na6 35. Rd4 e5 36. Rg4 g6 37. Rh4 h5 38. Ra3 Naxb4 39. Ra7 Ke6 40. Rc4
Rb6 41. Rc8 Kf6 42. Rf8 Kg5 43. Rfxf7 Nc6 44. Rad7 Nc3 45. h4+ Kg4 46. f3# 1-0

[Event "ch-FRA Blitz Online Qual"]
[Site "Europe-Chess INT"]
[Date "2020.05.16"]
[Round "8"]
[White "Menoux, Joachim"]
[Black "Duranton, Paul"]
[Result "1-0"]
[WhiteElo "1627"]
[BlackElo "1203"]
[WhiteFideId "36066206"]
[BlackFideId "551013169"]
[EventDate "2020.05.16"]

1. d4 d5 2. c4 c6 3. Nf3 e6 4. Nc3 f5 5. Bg5 Nf6 6. e3 Bd6 7. Be2 O-O 8. O-O Qe8
9. Qb3 Ne4 10. Nxe4 fxe4 11. Ne5 Bxe5 12. dxe5 Rf5 13. Bf4 h5 14. cxd5 exd5 15.
Qd1 g5 16. Bxh5 Qf8 17. Bg3 Qh6 18. Bg4 Rf8 19. Bxc8 Rxc8 20. Qg4 Rf8 21. Bf4
Kf7 22. Qxg5 Qh7 23. h3 Rg8 24. Qh6 Qf5 25. e6+ Qxe6 26. Qxe6+ Kxe6 27. f3 exf3
28. Rxf3 Nd7 29. Rd1 Rg7 30. Rf2 Rh8 31. Kh2 Nf6 32. Re2 Ng4+ 33. Kg1 Nf6 34. e4
Rxh3 35. exd5+ Kf7 36. d6 Nd7 37. Re7+ Kf8 38. Rxg7 Kxg7 39. gxh3 Kf6 40. h4 Kf5
41. Bg3 Kg4 42. h5 Kxg3 43. h6 Nf6 44. h7 Nxh7 45. d7 Ng5 46. d8=Q Nf3+ 47. Kf1
Nh2+ 48. Ke2 Nf3 49. Rd3 c5 50. Rxf3+ Kg4 51. Qg8+ Kh5 52. Rh3# 1-0

[Event "ch-FRA Blitz Online Qual"]
[Site "Europe-Chess INT"]
[Date "2020.05.16"]
[Round "8"]
[White "Hucault, Christophe"]
[Black "Paralieu, Emma"]
[Result "1-0"]
[WhiteElo "1612"]
[BlackElo "1312"]
[WhiteFideId "26057336"]
[BlackFideId "45154163"]
[EventDate "2020.05.16"]

1. d4 Nf6 2. Bf4 e6 3. e3 c5 4. c3 d5 5. Nf3 Bd6 6. Ne5 Nc6 7. Nd2 Qc7 8. Ndf3
h6 9. h3 g5 10. Bh2 Bxe5 11. Nxe5 Nxe5 12. Bxe5 Qe7 13. dxc5 Bd7 14. Qb3 Bc6 15.
Bb5 Rc8 16. O-O O-O 17. a4 Nh7 18. Bd6 Qd7 19. Bxf8 Rxf8 20. Qc2 Bxb5 21. axb5
Qxb5 22. b4 a6 23. Ra5 Qc6 24. c4 Nf6 25. Rd1 Rd8 26. f3 Rd7 27. Qc3 Kg7 28. e4
dxe4 29. Rxd7 Qxd7 30. b5 axb5 31. cxb5 exf3 32. Qxf3 Qd4+ 33. Qf2 Qb4 34. Ra1
Qxb5 35. Rf1 Kg8 36. Qxf6 Qxc5+ 37. Kh1 Qc7 38. Qxh6 Qe7 39. Qf6 Qxf6 40. Rxf6
Kg7 41. Rf3 b6 42. Rb3 Kf6 43. Rxb6 Kf5 44. Rb4 f6 45. Kg1 e5 46. Kf2 Kg6 47. g3
Kh5 48. Kf3 f5 49. Ke3 f4+ 50. gxf4 exf4+ 51. Kf3 Kh4 52. Rb8 Kh5 53. Rh8+ Kg6
54. Kg4 Kf6 55. h4 gxh4 56. Kxf4 Kg6 57. Rxh4 Kf6 58. Rh6+ Kg7 59. Kg5 Kf7 60.
Kf5 Kg7 61. Re6 Kf8 62. Kf6 Kg8 63. Re5 Kh8 64. Kg6 Kg8 65. Re8# 1-0

[Event "ch-FRA Blitz Online Qual"]
[Site "Europe-Chess INT"]
[Date "2020.05.16"]
[Round "8"]
[White "Fraile, Lucas"]
[Black "Suspene, Jacques"]
[Result "1-0"]
[WhiteElo "1276"]
[BlackElo "1610"]
[WhiteFideId "45146322"]
[BlackFideId "651023059"]
[EventDate "2020.05.16"]

1. e4 d6 2. d4 Nf6 3. Nc3 g6 4. Be2 Bg7 5. Be3 O-O 6. Qd2 e5 7. d5 Re8 8. h4 c6
9. O-O-O cxd5 10. exd5 a6 11. h5 b5 12. hxg6 fxg6 13. Bh6 Bh8 14. Bg5 Nbd7 15.
Bg4 Bg7 16. Be6+ Kh8 17. Nf3 Qa5 18. Bxf6 Nxf6 19. Ng5 Bxe6 20. Nxe6 b4 21. Nxg7
Kxg7 22. Qh6+ Kf7 23. Ne4 Nxe4 24. Qxh7+ Kf6 25. Qh4+ Ng5 26. f4 exf4 27. Rhf1
Qxa2 28. Rxf4+ Kg7 29. Qxg5 Qa3 30. Qf6+ Kh7 31. bxa3 1-0

[Event "ch-FRA Blitz Online Qual"]
[Site "Europe-Chess INT"]
[Date "2020.05.16"]
[Round "8"]
[White "Tuillier, Valentin"]
[Black "Droulout, Paul"]
[Result "1-0"]
[WhiteElo "1607"]
[BlackElo "1176"]
[WhiteFideId "36020800"]
[BlackFideId "45109770"]
[EventDate "2020.05.16"]

1. e4 c5 2. Nf3 d6 3. d4 cxd4 4. Nxd4 Nf6 5. Nc3 g6 6. Be3 Bg7 7. Bc4 O-O 8. O-O
Nc6 9. Bb3 Bd7 10. Kh1 Na5 11. f4 Nxb3 12. axb3 a6 13. f5 Qc8 14. Qe2 b5 15. b4
Qb7 16. Bg5 Rfe8 17. Rad1 h6 18. Bxf6 Bxf6 19. fxg6 fxg6 20. Qe3 Kh7 21. Nd5 Bg7
22. c3 Bc6 23. Nxc6 Qxc6 24. Rf3 Qc4 25. Rdf1 e6 26. Nf6+ Bxf6 27. Rxf6 Kg7 28.
Rf7+ Kg8 29. Qxh6 e5 30. Qg7# 1-0

[Event "ch-FRA Blitz Online Qual"]
[Site "Europe-Chess INT"]
[Date "2020.05.16"]
[Round "8"]
[White "Abiven, Pierre-Louis"]
[Black "Douchez, Tony"]
[Result "0-1"]
[WhiteElo "1200"]
[BlackElo "1630"]
[WhiteFideId "45168016"]
[BlackFideId "36087785"]
[EventDate "2020.05.16"]

1. e4 e5 2. Nf3 Nc6 3. Bc4 Bc5 4. d3 Nf6 5. Nc3 d6 6. Nd5 Nxd5 7. Bxd5 h6 8. h3
O-O 9. O-O Qf6 10. a4 Rb8 11. c3 a5 12. Be3 Ne7 13. Bxc5 Nxd5 14. exd5 dxc5 15.
Re1 Re8 16. d4 cxd4 17. cxd4 e4 18. Nd2 Qg6 19. Kh2 Qd6+ 20. Kg1 Qxd5 21. Qb3
Qxd4 22. Qc3 Qxc3 23. bxc3 f5 24. Nc4 b6 25. f3 Ba6 26. Nd2 Rbd8 27. Nb3 exf3
28. gxf3 Kf7 29. Nd4 Kf6 30. Nc6 Rxe1+ 31. Rxe1 Rd3 32. Nb8 Bb7 33. Rc1 Rxf3 34.
Kg2 Rxc3+ 35. Kf2 Rxc1 36. Nd7+ Ke7 37. Ne5 Rc2+ 38. Ke3 Rc3+ 39. Kd4 Rxh3 40.
Ng6+ Kf6 41. Nf4 Rh4 42. Ke3 Rxf4 43. Kxf4 Bc6 44. Ke3 Bxa4 45. Kf3 Bd7 46. Kg3
a4 47. Kf3 a3 48. Ke3 a2 49. Kd3 a1=Q 50. Ke3 Qe5+ 51. Kf2 Bc6 52. Kg1 Qg3+ 53.
Kf1 Bb5# 0-1

[Event "ch-FRA Blitz Online Qual"]
[Site "Europe-Chess INT"]
[Date "2020.05.16"]
[Round "8"]
[White "Menoux, Abel"]
[Black "Fernandez, Jose"]
[Result "0-1"]
[WhiteElo "1141"]
[BlackElo "1597"]
[WhiteFideId "36087173"]
[BlackFideId "26088983"]
[EventDate "2020.05.16"]

1. d4 e6 2. Nf3 Nf6 3. Bf4 c5 4. c3 Nc6 5. e3 d5 6. Bb5 Qb6 7. Bxc6+ bxc6 8. Qc2
Bb7 9. Ne5 Nd7 10. Nxd7 Kxd7 11. e4 cxd4 12. exd5 cxd5 13. cxd4 Qxd4 14. Qc7+
Ke8 15. Qxb7 Qxf4 16. Qxa8+ Ke7 17. Qxa7+ Kf6 18. Qc5 Bxc5 19. O-O Bd6 20. g3
Qb4 21. Nc3 Qxb2 22. Rac1 Ra8 23. Rfe1 Bc5 24. Nxd5+ exd5 25. Rxc5 Rxa2 26. Rf1
d4 27. g4 d3 28. Rf5+ Kg6 29. Kg2 Qe2 30. h4 Qxg4+ 31. Kh2 Qxf5 32. Rg1+ Kf6 33.
Rb1 Rxf2+ 34. Kg1 Re2 35. Rb6+ Ke5 36. Rb5+ Ke4 37. Rxf5 Kxf5 38. Kf1 Kg4 39. h5
Kf3 40. h6 d2 41. hxg7 d1=Q# 0-1

[Event "ch-FRA Blitz Online Qual"]
[Site "Europe-Chess INT"]
[Date "2020.05.16"]
[Round "8"]
[White "Bui, Christopher"]
[Black "Villevieille, Theo"]
[Result "1-0"]
[WhiteElo "1849"]
[BlackElo "1109"]
[WhiteFideId "45107998"]
[BlackFideId "45177970"]
[EventDate "2020.05.16"]

1. c4 e5 2. g3 Nf6 3. Bg2 Bc5 4. Nc3 Nc6 5. Nf3 d6 6. O-O Be6 7. d3 Qd7 8. a3 a5
9. Bd2 O-O 10. Rb1 Bh3 11. Na2 Bxg2 12. Kxg2 Qg4 13. b4 axb4 14. axb4 Bxf2 15.
Nc3 Ba7 16. b5 Nd4 17. Nxd4 Bxd4 18. Qc2 c6 19. bxc6 bxc6 20. e3 Ba7 21. Rb7 Ne8
22. Ne4 d5 23. Nf2 Qg6 24. cxd5 cxd5 25. Qa4 Nd6 26. Rxa7 Rxa7 27. Qxa7 Nb5 28.
Qa5 Nd6 29. Qxd5 Ne8 30. Ne4 Nf6 31. Nxf6+ gxf6 32. Qe4 Qxe4+ 33. dxe4 Kg7 34.
Bb4 Rg8 35. Be7 Kg6 36. Bxf6 Kh5 37. Bxe5 Kg4 38. Rf4+ Kg5 39. Rf5+ Kg6 40. Bf4
f6 41. Kf3 Kf7 42. e5 Ke7 43. exf6+ Kf7 44. e4 Re8 45. e5 Rd8 1-0

[Event "ch-FRA Blitz Online Qual"]
[Site "Europe-Chess INT"]
[Date "2020.05.16"]
[Round "8"]
[White "Lequang, Enzo"]
[Black "Ben Mohamed, Kader"]
[Result "0-1"]
[WhiteElo "1068"]
[BlackElo "1591"]
[WhiteFideId "551052911"]
[BlackFideId "45118523"]
[EventDate "2020.05.16"]

1. e4 d5 2. exd5 Nf6 3. Bc4 Nxd5 4. d4 Nc6 5. Nf3 Bg4 6. Be3 Nxe3 7. fxe3 e6 8.
Nc3 Bxf3 9. Qxf3 Qh4+ 10. g3 Qh6 11. Bb5 Kd7 12. Bxc6+ bxc6 13. O-O-O Rb8 14.
Qxf7+ Be7 15. Qf4 Qg6 16. Rhf1 Rhf8 17. Qe4 Qh6 18. Rxf8 Rxf8 19. Rh1 Qh3 20.
Qd3 Qg2 21. Qd1 Rf2 22. Kb1 Bg5 23. e4 Rd2 24. Qf1 Rxc2 25. Qf7+ Be7 26. Qf1
Rxb2+ 27. Ka1 Qc2 28. Qc1 Qxc1+ 29. Rxc1 Rxh2 30. e5 Rh3 31. Rg1 Bb4 32. Ne4 Rh2
33. Nc5+ Bxc5 34. dxc5 Rh5 35. Rf1 Rxe5 36. Rf7+ Kd8 37. Rxg7 Rxc5 38. Rg8+ Kd7
39. Rg7+ Kd6 40. Rxh7 Rg5 41. Rh3 e5 42. Rh6+ Kd5 43. Rh3 e4 44. Kb1 Kd4 45. Kc2
e3 46. Kd1 Kd3 47. Ke1 Rb5 48. Rh4 Rb1# 0-1

[Event "ch-FRA Blitz Online Qual"]
[Site "Europe-Chess INT"]
[Date "2020.05.16"]
[Round "8"]
[White "Vie, Maxence"]
[Black "Chen, Zhiyue Dashan"]
[Result "1-0"]
[WhiteElo "1648"]
[BlackElo "1119"]
[WhiteFideId "45150168"]
[BlackFideId "551034930"]
[EventDate "2020.05.16"]

1. e4 e5 2. Nc3 Nf6 3. f4 d6 4. Nf3 Nc6 5. f5 g6 6. Bc4 gxf5 7. d3 fxe4 8. dxe4
Be6 9. Bb5 Bd7 10. Bc4 Be6 11. Bb5 Bd7 12. O-O Qe7 13. Bg5 h6 14. Bh4 Qd8 15.
Nd5 Be7 16. Nxe7 Qxe7 17. a4 a6 18. Bd3 Be6 19. c3 Kd7 20. Nd2 Rag8 21. Bxf6 Qe8
22. Bxh8 Rxh8 23. Qh5 Qe7 24. Bc4 Bxc4 25. Nxc4 f6 26. Ne3 Qg7 27. Qf5+ Ke7 28.
Nd5+ Kd8 29. Qxf6+ Qxf6 30. Rxf6 Kd7 31. Raf1 Ne7 32. Rf7 Re8 33. Nf6+ Kd8 34.
Nxe8 Kxe8 35. Rf8+ Kd7 36. R1f7 h5 37. Rh8 Ke6 38. Rxe7+ Kxe7 39. Rh7+ Kf6 40.
Rxc7 Kg5 41. Rxb7 Kf4 42. Rb4 a5 43. Rc4 h4 44. Kf2 Kg5 45. Kf3 Kf6 46. Rc6 Ke6
47. Ra6 Kd7 48. Rxa5 Kc6 49. Ra6+ Kc5 50. Ra5+ Kc6 51. b4 Kb6 52. Rb5+ Kc6 53.
c4 Kc7 54. Kg4 Kc6 55. Kxh4 Kc7 56. a5 Kc6 57. a6 Kc7 58. a7 d5 59. exd5 Kd7 60.
a8=Q e4 61. Qc6+ Ke7 62. Rb7+ Kd8 63. Qd7# 1-0

[Event "ch-FRA Blitz Online Qual"]
[Site "Europe-Chess INT"]
[Date "2020.05.16"]
[Round "8"]
[White "Nicot, Valentin"]
[Black "Dimey-Gabert, Quentin"]
[Result "1-0"]
[WhiteElo "1041"]
[BlackElo "1758"]
[WhiteFideId "651002477"]
[BlackFideId "36090085"]
[EventDate "2020.05.16"]

1. e4 c5 2. Nf3 Nc6 3. d4 cxd4 4. Nxd4 g6 5. Nc3 Bg7 6. Nxc6 bxc6 7. Qf3 Nf6 8.
e5 Ng8 9. Bc4 e6 10. O-O Bxe5 11. Bf4 Bg7 12. Rad1 d5 13. Rd2 Ne7 14. Rfd1 O-O
15. Bb3 c5 16. a3 Bd7 17. Bd6 d4 18. Ne4 Bc6 19. Bxc5 f5 20. Bxe6+ Kh8 21. Bxd4
fxe4 22. Bxg7+ Kxg7 23. Qc3+ 1-0

[Event "ch-FRA Blitz Online Qual"]
[Site "Europe-Chess INT"]
[Date "2020.05.16"]
[Round "8"]
[White "Blanchard, Samuel"]
[Black "Pineau, Patrick"]
[Result "1-0"]
[WhiteElo "1921"]
[BlackElo "1349"]
[WhiteFideId "36023990"]
[BlackFideId "20673329"]
[EventDate "2020.05.16"]

1. e4 c5 2. Nc3 e6 3. g3 a6 4. Bg2 b5 5. a4 b4 6. Nce2 Nc6 7. d3 Bb7 8. f4 Qc7
9. Nh3 d6 10. O-O Nd4 11. c3 bxc3 12. bxc3 Nxe2+ 13. Qxe2 c4 14. d4 d5 15. exd5
Be7 16. dxe6 Bxg2 17. Qxg2 Rd8 18. exf7+ Kxf7 19. Ng5+ Bxg5 20. fxg5+ Ke8 21.
Ba3 Ne7 22. Rae1 Rd7 23. Bxe7 Rxe7 24. Qa8+ Qd8 25. Rxe7+ Kxe7 26. Qxa6 Rf8 27.
Re1+ Kf7 28. Qe6# 1-0

[Event "ch-FRA Blitz Online Qual"]
[Site "Europe-Chess INT"]
[Date "2020.05.16"]
[Round "8"]
[White "Touat, Kais"]
[Black "Belattar, Salah-Eddine"]
[Result "0-1"]
[WhiteElo "1416"]
[BlackElo "1886"]
[WhiteFideId "45136815"]
[BlackFideId "9001468"]
[EventDate "2020.05.16"]

1. e4 c5 2. Nf3 Nc6 3. d4 cxd4 4. Nxd4 e5 5. Nb5 d6 6. N1c3 a6 7. Na3 b5 8. Nd5
Nge7 9. c3 Nxd5 10. Qxd5 Bb7 11. Nxb5 axb5 12. Bxb5 Qc7 13. O-O Be7 14. b4 O-O
15. Qd3 Nd8 16. Be3 Ne6 17. a4 Nf4 18. Bxf4 exf4 19. a5 Bf6 20. Rfc1 Be5 21. a6
Bc8 22. Ra3 Qe7 23. Bc6 Ra7 24. b5 f3 25. b6 Qg5 26. g4 Qxc1+ 27. Qf1 Qxa3 28.
bxa7 Bxa6 29. Qe1 Be2 30. a8=Q Rxa8 31. Bxa8 Qxa8 32. g5 Qxe4 33. Qa1 Qg4+ 0-1

[Event "ch-FRA Blitz Online Qual"]
[Site "Europe-Chess INT"]
[Date "2020.05.16"]
[Round "8"]
[White "Oumer, Walid"]
[Black "Mallevaey, Armand"]
[Result "1-0"]
[WhiteElo "1365"]
[BlackElo "1773"]
[WhiteFideId "551016630"]
[BlackFideId "36041424"]
[EventDate "2020.05.16"]

1. e4 d5 2. exd5 Qxd5 3. Nc3 Qa5 4. d4 Nf6 5. Nf3 Bf5 6. Bd3 Bg6 7. Bxg6 hxg6 8.
O-O e6 9. Re1 c6 10. Bd2 Qc7 11. h3 Nbd7 12. Ne5 Bd6 13. Nxd7 Qxd7 14. Be3 O-O-O
15. Ne2 Bc7 16. c4 Nh5 17. Qb3 Qd6 18. g3 Nf6 19. h4 Ne4 20. Bf4 Qd7 21. Bxc7
Qxc7 22. a4 g5 23. Qe3 f5 24. hxg5 Qe7 25. f4 Rh3 26. Kg2 Rdh8 27. Rh1 Rxh1 28.
Rxh1 Rxh1 29. Kxh1 Qb4 30. Nc3 Qxb2 31. Nxe4 Qb1+ 32. Kg2 Qxe4+ 33. Qxe4 fxe4
34. Kf2 a6 35. Ke3 b5 36. cxb5 cxb5 37. axb5 axb5 38. Kxe4 b4 39. Kd3 Kc7 40.
Kc4 Kd6 41. Kxb4 Kd5 42. Kc3 g6 43. Kd3 Kc6 44. Ke4 Kd6 45. g4 Kd7 46. Ke5 Ke7
47. f5 gxf5 48. gxf5 exf5 49. Kxf5 Kf7 50. d5 1-0

[Event "ch-FRA Blitz Online Qual"]
[Site "Europe-Chess INT"]
[Date "2020.05.16"]
[Round "8"]
[White "Gauthier, Laurent2"]
[Black "Lovichi, Raphael"]
[Result "1-0"]
[WhiteElo "1704"]
[BlackElo "1406"]
[WhiteFideId "676810"]
[BlackFideId "45172935"]
[EventDate "2020.05.16"]

1. e4 c5 2. Nf3 e6 3. c4 Nc6 4. Nc3 a6 5. d4 cxd4 6. Nxd4 Nf6 7. a3 Bc5 8. Be3
Bxd4 9. Bxd4 Nxd4 10. Qxd4 O-O 11. Be2 Qc7 12. O-O Rd8 13. Rfd1 d5 14. cxd5 exd5
15. Nxd5 Nxd5 16. exd5 Be6 17. Rac1 Qe7 18. Bf3 Bf5 19. d6 Qg5 20. Qb6 Qf6 21.
Rc7 Rac8 22. Qxb7 Rxc7 23. dxc7 Rc8 24. Qb8 Rf8 25. Rd8 Qe7 26. Rxf8+ Qxf8 27.
Qxf8+ Kxf8 28. Bb7 1-0

[Event "ch-FRA Blitz Online Qual"]
[Site "Europe-Chess INT"]
[Date "2020.05.16"]
[Round "8"]
[White "Akopian, Edwin"]
[Black "Kosciusko-Morizet, Antoine"]
[Result "0-1"]
[WhiteElo "1706"]
[BlackElo "1293"]
[WhiteFideId "36068357"]
[BlackFideId "45166749"]
[EventDate "2020.05.16"]

1. d4 e6 2. c4 Nf6 3. Nf3 c5 4. d5 Qa5+ 5. Bd2 Qb6 6. Bc3 Be7 7. g3 O-O 8. Bg2
Ne4 9. O-O Nxc3 10. bxc3 Qa6 11. Nbd2 Qa5 12. Qc2 Qc7 13. e4 b6 14. a4 Bb7 15.
a5 Na6 16. axb6 axb6 17. Rfb1 f5 18. Qb2 fxe4 19. Nxe4 exd5 20. cxd5 Bxd5 21.
Ned2 Bxf3 22. Nxf3 Rfb8 23. Re1 Bf6 24. Qd2 Qd8 25. Qd5+ Kh8 26. Ne5 Bxe5 27.
Qxe5 Ra7 28. Qe7 Qxe7 29. Rxe7 h6 30. Be4 b5 31. Bd3 c4 32. Bg6 Kg8 33. Rae1
Raa8 34. Rxd7 b4 35. Ree7 bxc3 36. Rxg7+ Kh8 37. Rh7+ Kg8 38. Rdg7+ Kf8 39. Rf7+
Kg8 0-1

[Event "ch-FRA Blitz Online Qual"]
[Site "Europe-Chess INT"]
[Date "2020.05.16"]
[Round "8"]
[White "Joly, Charlotte"]
[Black "Farthouat, Titoine"]
[Result "1-0"]
[WhiteElo "1454"]
[BlackElo "1652"]
[WhiteFideId "36022292"]
[BlackFideId "36015660"]
[EventDate "2020.05.16"]

1. d4 Nf6 2. Bf4 d5 3. e3 c5 4. c3 e6 5. Nf3 Bd6 6. Bxd6 Qxd6 7. Nbd2 O-O 8. Be2
Nbd7 9. O-O b6 10. Qa4 Bb7 11. Bb5 a6 12. Be2 e5 13. dxe5 Nxe5 14. Nxe5 Qxe5 15.
Nf3 Qh5 16. Qb3 b5 17. Qd1 Ng4 18. h3 Ne5 19. Nxe5 Qxe5 20. Bf3 Rfe8 21. Qe2
Rad8 22. Rad1 f5 23. Rfe1 Qc7 24. Qc2 Qf7 25. Qe2 d4 26. Bxb7 Qxb7 27. cxd4 cxd4
28. Qc2 Rd6 29. exd4 Red8 30. Qxf5 Rg6 31. Qe4 Qc7 32. g3 Qd7 33. h4 Rd6 34. Qe7
Qc6 35. Qe4 Qd7 36. Qf4 Rf6 37. Qe3 Qg4 38. Qe4 Qh5 39. Qe2 Qg6 40. Qe4 Qh6 41.
d5 Rg6 42. Qf4 Qh5 43. Qe4 Qh6 44. d6 Qh5 45. Qc2 Qxh4 46. Qb3+ Kh8 47. d7 Qg5
48. Re8+ 1-0

[Event "ch-FRA Blitz Online Qual"]
[Site "Europe-Chess INT"]
[Date "2020.05.16"]
[Round "8"]
[White "Dincov, Matei"]
[Black "Nomel, Mathis"]
[Result "1-0"]
[WhiteElo "1714"]
[BlackElo "1262"]
[WhiteFideId "45118620"]
[BlackFideId "36054399"]
[EventDate "2020.05.16"]

1. d4 Nf6 2. c4 e6 3. Nc3 d5 4. Bg5 Bb4 5. Qa4+ Nc6 6. e3 Bd7 7. Qc2 O-O 8. Nf3
h6 9. Bh4 a5 10. Bd3 Be7 11. O-O Nb4 12. Qd2 Nxd3 13. Qxd3 dxc4 14. Qxc4 Bc6 15.
Ne5 Bd5 16. Nxd5 Nxd5 17. Bxe7 Qxe7 18. e4 Nb6 19. Qb5 Rfd8 20. Rfd1 f6 21. Nf3
Qd6 22. Rac1 Kf7 23. h3 Rdc8 24. d5 Qb4 25. dxe6+ Kxe6 26. Qf5+ Kf7 27. Ne5+ Kg8
28. Qe6+ Kh7 29. Qf5+ Kg8 30. Ng6 Rd8 31. Qe6+ Kh7 32. Qf5 Kg8 33. e5 Qxb2 34.
Ne7+ Kh8 35. exf6 Qxf6 36. Qxf6 gxf6 37. Rxd8+ Rxd8 38. Rxc7 Re8 39. Ng6+ Kg8
40. Rxb7 Nd5 41. Nh4 Re1+ 42. Kh2 Re2 43. Nf5 Rxf2 44. Nxh6+ Kf8 45. Rb5 Nf4 46.
Rxa5 Rxg2+ 47. Kh1 Rg6 48. Ng4 Nxh3 49. Kh2 Rxg4 50. Kxh3 Rc4 51. Ra7 Rc3+ 52.
Kg4 Rc2 53. a4 Rc4+ 54. Kf5 Rc8 55. Kxf6 Ke8 56. a5 Kd8 57. a6 Rb8 58. Ke6 Kc8
59. Rh7 Rb6+ 60. Kd5 Rxa6 61. Kc5 Ra7 62. Rxa7 Kb8 63. Rh7 Kc8 64. Kd6 1-0

[Event "ch-FRA Blitz Online Qual"]
[Site "Europe-Chess INT"]
[Date "2020.05.16"]
[Round "8"]
[White "Coutton, Aurelien"]
[Black "Muller, Patrick"]
[Result "1-0"]
[WhiteElo "1211"]
[BlackElo "1582"]
[WhiteFideId "45121443"]
[BlackFideId "20669216"]
[EventDate "2020.05.16"]

1. d4 d5 2. c4 e6 3. Nf3 Nf6 4. Nc3 Bd6 5. Bg5 Nbd7 6. e3 c6 7. Bd3 h6 8. Bh4
Qc7 9. Rc1 Qb8 10. O-O O-O 11. Qe2 Nh7 12. Qc2 f5 13. Rfe1 Ndf6 14. Ne5 Bxe5 15.
dxe5 Qxe5 16. cxd5 Nxd5 17. Nxd5 exd5 18. Bg3 Qf6 19. Bc7 Bd7 20. Ba5 Ng5 21.
Bc3 Qf7 22. b3 a6 23. h4 Ne4 24. Bb2 Qg6 25. f3 Ng3 26. Qc3 Nh5 27. e4 fxe4 28.
fxe4 dxe4 29. Bxe4 Qg3 30. Bf3 Nf6 31. Re7 1-0

[Event "ch-FRA Blitz Online Qual"]
[Site "Europe-Chess INT"]
[Date "2020.05.16"]
[Round "8"]
[White "Kloss, Alexandre"]
[Black "Colette, Thierry"]
[Result "1-0"]
[WhiteElo "1577"]
[BlackElo "1411"]
[WhiteFideId "36088617"]
[BlackFideId "36056758"]
[EventDate "2020.05.16"]

1. e4 e5 2. Nf3 Nc6 3. d4 d6 4. dxe5 dxe5 5. Qxd8+ Kxd8 6. Bb5 Nge7 7. Nc3 f6 8.
Be3 Ke8 9. Nd5 Kd8 10. O-O-O Be6 11. Nf4+ Bd7 12. Ne6+ Kc8 13. Nc5 Be8 14. Rd2
a6 15. Bxc6 Nxc6 16. Rhd1 Bxc5 17. Bxc5 1-0

[Event "ch-FRA Blitz Online Qual"]
[Site "Europe-Chess INT"]
[Date "2020.05.16"]
[Round "8"]
[White "Ngomane, Max"]
[Black "Anselin, Djavan"]
[Result "0-1"]
[WhiteElo "1278"]
[BlackElo "1499"]
[WhiteFideId "651049791"]
[BlackFideId "36080713"]
[EventDate "2020.05.16"]

1. d4 d5 2. c4 e6 3. Nc3 Nf6 4. Bg5 Nbd7 5. e3 Bb4 6. Rc1 O-O 7. Nf3 h6 8. Bh4
c6 9. Bd3 Re8 10. cxd5 cxd5 11. O-O b6 12. e4 Bxc3 13. bxc3 dxe4 14. Bxe4 Rb8
15. Bg3 Nxe4 16. Bxb8 Ba6 17. Re1 Qxb8 18. Rxe4 Nf6 19. Re5 Bb7 20. h3 Qd6 21.
Qe1 Nh7 22. Nd2 f6 23. Ne4 Qc6 24. Rh5 Qxe4 25. Qxe4 Bxe4 26. Rh4 Bd5 27. a3 Rc8
28. Rg4 Kf7 29. Rg3 Ng5 30. Re3 Ne4 31. f3 Nd2 32. Rd3 Nc4 33. a4 Nb2 34. Rd2
Nxa4 35. Ra1 b5 36. Rc2 a6 37. Kf2 Ke7 38. Ke3 Ra8 39. c4 Bxc4 40. Rxc4 bxc4 41.
Rxa4 c3 42. Kd3 Rc8 43. Kc2 Rc6 44. Ra5 Kd6 45. f4 Rc4 46. Rxa6+ Rc6 47. Ra5 g5
48. fxg5 fxg5 49. g4 Rc4 50. Re5 Rxd4 51. Rc5 Rf4 52. Rxc3 Rf2+ 53. Kb3 Ke5 54.
Kb4 Kf4 55. Kc5 e5 56. Kd5 Rd2+ 57. Ke6 e4 58. Rc4 Kf3 59. Ke5 e3 60. Rc3 Ra2
61. Kd4 Ra4+ 62. Kc5 Kf2 63. Kb5 Rf4 0-1

[Event "ch-FRA Blitz Online Qual"]
[Site "Europe-Chess INT"]
[Date "2020.05.16"]
[Round "8"]
[White "Sayah-Hobon, Noah"]
[Black "Charousset, Donovan"]
[Result "1-0"]
[WhiteElo "1364"]
[BlackElo "1204"]
[WhiteFideId "551015609"]
[BlackFideId "45167699"]
[EventDate "2020.05.16"]

1. e4 e5 2. Nf3 Nf6 3. Nc3 Nc6 4. Bc4 Bc5 5. O-O d6 6. d3 h6 7. h3 Be6 8. Bb3
O-O 9. Be3 Bb6 10. Nd5 Bxd5 11. Bxd5 Nxd5 12. exd5 Ne7 13. c4 Nf5 14. d4 exd4
15. Bxd4 Nxd4 16. Nxd4 Re8 17. Nf5 Qg5 18. Qd3 Re5 19. Ng3 Rae8 20. Kh2 Qg6 21.
Qxg6 fxg6 22. f4 Re3 23. f5 g5 24. Nh5 Re2 25. f6 g6 26. f7+ Kf8 27. fxe8=Q+
Kxe8 28. Rae1 Rxe1 29. Rxe1+ Kf7 30. Rf1+ Kg8 31. Nf6+ Kg7 32. Ne8+ Kh7 33. Rf7+
Kg8 34. Rd7 Kf8 35. Nxc7 Bxc7 36. Rxc7 b6 37. Rxa7 Kg8 38. Ra6 Kg7 39. Rxb6 Kf7
40. Rxd6 h5 41. c5 Ke7 42. Rxg6 Kd7 1-0